Geschichtschreiber der husitischen Bewegung in Böhmen. Teil 3 /

Korporativní autor: Kaiserl. Akademie der Wissenschaften in Wien
Další autoři: Höfler, Karl Adolf Constantin, 1811-1897
Jazyk: Němčina
Vydáno: Wien : K. K. Hof- und Staatsdruckerei, 1866
Edice: Fontes rerum Austriacarum. 1. Abt., Scriptores ; Bd. 7
Témata:
Fyzický popis: 279 s.
Knihy
Uloženo v:
LEADER 01536nam a22004092a 4500
001 000256038
003 CZ BrMZK
005 20220125093050.0
007 ta
008 031026s1866 au f |||| 0 ger d
040 |a BOA001  |b cze 
072 7 |a 27  |x Křesťanství. Křesťanská církev všeobecně. Eklesiologie  |2 Konspekt  |9 5 
080 |a 27-878.4  |2 MRF 
080 |a 2-8  |2 MRF 
080 |a 27-9  |2 MRF 
080 |a (437.3)  |2 MRF 
080 |a (093)  |2 MRF 
245 0 0 |a Geschichtschreiber der husitischen Bewegung in Böhmen.  |n Teil 3 /  |c hrsg. von K. Höfler 
260 |a Wien :  |b K. K. Hof- und Staatsdruckerei,  |c 1866 
300 |a 279 s. 
490 0 |a Fontes rerum Austriacarum. 1. Abt., Scriptores ;  |v Bd. 7 
500 |a Obsahuje rejstřík 
648 7 |a 15. století  |7 ch460553  |2 czenas 
650 0 7 |a husitství  |7 ph120949  |2 czenas 
650 0 7 |a náboženská hnutí  |7 ph123372  |2 czenas 
650 0 7 |a církevní dějiny  |7 ph114283  |2 czenas 
651 7 |a Čechy (Česko)  |7 ge135869  |2 czenas 
655 7 |a prameny  |7 fd131865  |2 czenas 
655 7 |a dokumenty  |7 fd132064  |2 czenas 
700 1 |a Höfler, Karl Adolf Constantin,  |d 1811-1897  |7 skuk0000587  |4 edt 
710 2 |a Kaiserl. Akademie der Wissenschaften in Wien  |7 ko2007248531 
910 |a BOA001  |b 2-0044.384,1/7 
990 |a BK 
993 |a Y 
991 |b 202201 
996 6 |b 2619255059  |c 2-0044.384,1/7  |l MZK  |r Sklad / do 24 hodin  |n 1  |w 000256038  |u 000020  |a 1  |e BOA001  |j MZK50  |s P 
996 6 |b 2619889708  |c 2-0044.384,1/7  |l MZK  |r Sklad / do 24 hodin  |n 6  |w 000256038  |u 000010  |a 1  |e BOA001  |j MZK50  |s P